Вероятность и прикладная статистика: основные факты: справочник

ग्रंथसूची विवरण
मुख्य लेखक: Орлов А. И. Александр Иванович
सारांश:Сжато, но строго рассмотрены вероятностно-статистические основы современных статистических методов и основные понятия. Изложение доведено до переднего края научных исследований и практических разработок. Рассмотрены все основные понятия, используемые при применении современных статистических методов. Особое внимание уделено нспараметрическим подходам, статистике нечисловых данных и другим перспективным элементам высоких статистических технологий. Справочник составлен в соответствии с рекомендациями Российской ассоциации статистических методов. Для студентов и преподавателей вузов, слушателей структур послевузовской подготовки и повышения квалификации, инженеров, менеджеров, экономистов, специалистов различных отраслей народного хозяйства, научных работников, аспирантов, для всех, кому необходимо в сжатые сроки овладеть понятийной базой статистических методов, в том числе при освоении методик анализа данных или подготовке к экзаменам.
भाषा:रूसी
प्रकाशित: Москва, КноРус, 2010
विषय:
स्वरूप: MixedMaterials पुस्तक
KOHA link:https://koha.lib.tpu.ru/cgi-bin/koha/opac-detail.pl?biblionumber=193418

MARC

LEADER 00000nam0a2200000 4500
001 193418
005 20231101224502.0
010 |a 9785406001738 
035 |a (RuTPU)RU\TPU\book\210940 
090 |a 193418 
100 |a 20110323d2010 km y0rusy50 ca 
101 0 |a rus 
102 |a RU 
105 |a y g 001zy 
200 1 |a Вероятность и прикладная статистика: основные факты  |e справочник  |f А. И. Орлов 
210 |a Москва  |c КноРус  |d 2010 
215 |a 190 с. 
320 |a Библиогр.: с. 168-169. 
320 |a Предметный указатель: с. 180-186. 
330 |a Сжато, но строго рассмотрены вероятностно-статистические основы современных статистических методов и основные понятия. Изложение доведено до переднего края научных исследований и практических разработок. Рассмотрены все основные понятия, используемые при применении современных статистических методов. Особое внимание уделено нспараметрическим подходам, статистике нечисловых данных и другим перспективным элементам высоких статистических технологий. Справочник составлен в соответствии с рекомендациями Российской ассоциации статистических методов. Для студентов и преподавателей вузов, слушателей структур послевузовской подготовки и повышения квалификации, инженеров, менеджеров, экономистов, специалистов различных отраслей народного хозяйства, научных работников, аспирантов, для всех, кому необходимо в сжатые сроки овладеть понятийной базой статистических методов, в том числе при освоении методик анализа данных или подготовке к экзаменам. 
606 1 |a Вероятностей теория и математическая статистика  |2 stltpush  |3 (RuTPU)RU\TPU\subj\2260  |9 30847 
610 1 |a вероятностно-статистические методы 
610 1 |a случайные величины 
610 1 |a распределения 
610 1 |a прикладная статистика 
610 1 |a справочники 
675 |a 519.2(035)  |v 3 
700 1 |a Орлов  |b А. И.  |g Александр Иванович 
801 1 |a RU  |b 63413507  |c 20110323 
801 2 |a RU  |b 63413507  |c 20120608  |g RCR 
900 |a Теория вероятностей и математическая статистика 
900 |a Методы статистической обработки в научных исследованиях 
942 |c BK 
959 |a 32/20110323  |d 1  |e 130,00  |f ЧЗТЛ:1